České zatýkanie, slovenské sci-fi
Zatknutie pravej ruky českého premiéra, bývalého a súčasného šéfa vojenskej rozviedky a ďalších ľudí z českej politickej špičky. Pád premiéra Petra Nečasa z ODS, ktorý podal demisiu. Obvinenie šéfky premiérovho kabinetu, Jany Nagyovej. Úplatky, korupcia českých "kmotrov" - lobistov. Podobné prípady...
Salvato in:
| Autore principale: | |
|---|---|
| Natura: | Capitolo di libro |
| Lingua: | slovacco |
| Soggetti: | |
| Tags: |
Nessun Tag, puoi essere il primo ad aggiungerne!!
|
MARC
| LEADER | 00000naa a2200000 4500 | ||
|---|---|---|---|
| 001 | 0173488 | ||
| 005 | 20231113080953.3 | ||
| 041 | 0 | |a slo | |
| 044 | |a SK | ||
| 245 | 1 | 0 | |a České zatýkanie, slovenské sci-fi |c Zuzana Petková |
| 520 | |a Zatknutie pravej ruky českého premiéra, bývalého a súčasného šéfa vojenskej rozviedky a ďalších ľudí z českej politickej špičky. Pád premiéra Petra Nečasa z ODS, ktorý podal demisiu. Obvinenie šéfky premiérovho kabinetu, Jany Nagyovej. Úplatky, korupcia českých "kmotrov" - lobistov. Podobné prípady s politickou špičkou na Slovensku, avšak s nulovým výsledkom. | ||
| 610 | 2 | 0 | |a politika |
| 610 | 2 | 0 | |a politika vnútorná |
| 610 | 2 | 0 | |a vláda |
| 610 | 2 | 0 | |a korupcia |
| 610 | 2 | 0 | |a lobizmus |
| 610 | 2 | 0 | |a činy trestné |
| 610 | 2 | 0 | |a Česko |
| 610 | 2 | 0 | |a Slovensko |
| 100 | 1 | |a Petková, Zuzana | |